000
00319nam a2200133Ia 4500
008
191201s2005 xx 000 0 und d
100
_a
LEWIS, Norman
245
0
_a
Word Power Made Easy
250
_a
2nd
260
_a
N.Delhi
_b
Goyal Saab Publisher
_c
2005
300
_a
686
650
_a
General Books
942
_2
ddc
_c
BK
999
_c
1515
_d
1515